All Country Flags (BallsDex Edition) - Statistics

General Stats
  • This quiz has been taken 47 times
  • The average score is 65 of 342
Answer Stats
Picture Answer % Correct
Spain
96%
Nigeria
74%
Austria
48%
El Salvador
48%
Mozambique
43%
Belarus
35%
Brazil
35%
India
35%
Israel
35%
Pakistan
35%
Russia
35%
Saudi Arabia
35%
Turkmenistan
35%
Canada
30%
Denmark
30%
Dominican Republic
30%
Germany
30%
Kenya
30%
Mexico
30%
Moldova
30%
South Korea
30%
Sri Lanka
30%
St. Lucia
30%
Sweden
30%
Trinidad & Tobago
30%
United States
30%
Venezuela
30%
African Union
26%
Angola
26%
Australia
26%
Bahrain
26%
Bangladesh
26%
Byelorussian Soviet Socialist Republic
26%
Byzantium
26%
Cambodia
26%
China
26%
Confederate States
26%
Czechoslovakia
26%
East Germany
26%
England
26%
Eritrea
26%
Estonia
26%
Eswatini
26%
Faroe Islands
26%
Ghana
26%
Grenada
26%
Honduras
26%
Iceland
26%
Indonesia
26%
Italy
26%
Kazakhstan
26%
Kingdom of Italy
26%
Kiribati
26%
Latvia
26%
Lebanon
26%
Malawi
26%
Malta
26%
Monaco
26%
Mongolia
26%
NATO
26%
New Zealand
26%
Nicaragua
26%
Niger
26%
North Macedonia
26%
Palau
26%
Philippines
26%
Prussia
26%
Roman Empire
26%
Senegal
26%
Sierra Leone
26%
Slovakia
26%
South Africa
26%
South Sudan
26%
Tonga
26%
Uruguay
26%
Vatican City
26%
Afghanistan
22%
Albania
22%
Ancient Sparta
22%
Andorra
22%
Antarctica
22%
Argentina
22%
Barbados
22%
Belgium
22%
BRICS
22%
Bulgaria
22%
Burkina Faso
22%
Cape Verde
22%
Ceylon
22%
Croatia
22%
Cuba
22%
Djibouti
22%
Egypt
22%
Equatorial Guinea
22%
Fiji
22%
Finland
22%
France
22%
Free city of Frankfurt
22%
Gaul
22%
German Empire
22%
Golden Horde
22%
Grand Duchy of Tuscany
22%
Greenland
22%
Guyana
22%
Haiti
22%
Japan
22%
Japanese Empire
22%
Jordan
22%
Kingdom of Greece
22%
Kuwait
22%
Lesotho
22%
Lithuania
22%
Luxembourg
22%
Maldives
22%
Marshall Islands
22%
Ming Dynasty
22%
Montenegro
22%
Morocco
22%
Namibia
22%
Netherlands
22%
North Korea
22%
Orange Free State
22%
Portugal
22%
Qatar
22%
Qing Dynasty
22%
Reichtangle
22%
Rep. of the Congo
22%
Republic of Texas
22%
Somaliland
22%
Switzerland
22%
Tokugawa Shogunate
22%
Tunisia
22%
Turkey
22%
Tuvalu
22%
Uganda
22%
Ukraine
22%
Ukrainian Soviet Socialist Republic
22%
United Kingdom
22%
Uzbekistan
22%
Weimar Republic
22%
Achaemenid Empire
17%
Algeria
17%
Ancient Athens
17%
Austria-Hungary
17%
Austrian Empire
17%
Bahamas
17%
Bavaria
17%
Belize
17%
Benin
17%
Bhutan
17%
Bolivia
17%
Bosnia & Herzegovina
17%
Botswana
17%
Brunei
17%
Burundi
17%
Cameroon
17%
Carthage
17%
Central African Republic
17%
Colombia
17%
Comoros
17%
Congo Free State
17%
Cyprus
17%
Czech Republic
17%
Dahomey
17%
D.R. Congo
17%
Duchy of Limburg
17%
East Timor
17%
Ecuador
17%
European Union
17%
Free City of Danzig
17%
F.S. of Micronesia
17%
Gabon
17%
Georgia
17%
Greece
17%
Guatemala
17%
Hawaii
17%
Holy Roman Empire
17%
Hong Kong
17%
Iran
17%
Iraq
17%
Ivory Coast
17%
Kalmar Union
17%
Kingdom of Hungary
17%
Kingdom of Leinster
17%
Korea
17%
Kosovo
17%
Kyrgyzstan
17%
Laos
17%
League of Nations
17%
Liberia
17%
Libya
17%
Macau
17%
Macedon
17%
Madagascar
17%
Malaysia
17%
Manchukuo
17%
Mauritania
17%
Mauritius
17%
Mongol Empire
17%
Nauru
17%
Nepal
17%
Norway
17%
Oman
17%
Ottoman Empire
17%
Panama
17%
Papua New Guinea
17%
Peru
17%
Phoenicia
17%
Poland
17%
Portuguese Empire
17%
Romania
17%
Russian Empire
17%
Rwanda
17%
San Marino
17%
Serbia
17%
Seychelles
17%
Slovenia
17%
Somalia
17%
South Vietnam
17%
South Yemen
17%
Soviet Union
17%
Spanish Empire
17%
St. Kitts & Nevis
17%
St. Vincent and the Grenadines
17%
Sudan
17%
Suriname
17%
Sweden Norway
17%
Syria
17%
Taiwan
17%
Tanzania
17%
Thailand
17%
Togo
17%
Vanuatu
17%
Vichy France
17%
Vietnam
17%
Western Sahara
17%
West Germany
17%
Xiongnu
17%
Yemen
17%
Yuan Dynasty
17%
Yugoslavia
17%
Zimbabwe
17%
Ancient Greece
13%
Ancient Troy
13%
Antigua and Barbuda
13%
Argentine Confederation
13%
Assyrian Empire
13%
Azerbaijan
13%
Babylon
13%
Chad
13%
Chile
13%
Costa Rica
13%
Dominica
13%
Ethiopia
13%
Ethiopian Empire
13%
Francoist Spain
13%
Free France
13%
French Indochina
13%
Gambia
13%
Guinea
13%
Han Dynasty
13%
Hungary
13%
Iberian Union
13%
Ireland
13%
Jamaica
13%
Khmer Empire
13%
Kingdom of Cao Wei
13%
Kingdom of Connacht
13%
Kingdom of Iberia
13%
Kingdom of Munster
13%
Kingdom of Shu Han
13%
Kingdom of Two Sicilies
13%
Liechtenstein
13%
Majapahit
13%
Mali
13%
Mali Empire
13%
Mayan Empire
13%
Mughal Empire
13%
Myanmar
13%
Napoleonic France
13%
North German Confederation
13%
Paraguay
13%
Paris Commune
13%
Parthian Empire
13%
Peru Bolivian Confederation
13%
Quebec
13%
Republican Spain
13%
Russian Soviet Federative Socialist Republic
13%
Samoa
13%
Sao Tome & Principe
13%
Siam
13%
Singapore
13%
Swedish Empire
13%
Tajikistan
13%
Third French Republic
13%
Tibet
13%
United Arab Emirates
13%
Warsaw Pact
13%
Xia Dynasty
13%
Zhou
13%
Akkadian Empire
9%
Armenia
9%
Armenian Empire
9%
ASEAN
9%
British Raj
9%
Emirate of Nejd
9%
Guinea-Bissau
9%
Gupta Empire
9%
Hunnic Empire
9%
Joseon
9%
Khiva
9%
Kingdom of Bali
9%
Kingdom of Bora Bora
9%
Kingdom of Brandenburg
9%
Kingdom of Sardinia
9%
Kingdom of Saxony
9%
Kingdom of Sun Wu
9%
Kingdom of Ulster
9%
Konbaung Empire
9%
Mossi Kingdoms
9%
Numidia
9%
Olmecs
9%
Principality of Moldova
9%
Qajar Dynasty
9%
Rashidi Emirate
9%
Solomon Islands
9%
Sumer
9%
Union of South Africa
9%
United Arab Republic
9%
Zambia
9%
Zapotecs
9%
Fatimid Caliphate
4%
Federal Republic of Central America
4%
Kingdom of Egypt
4%
Nanda Empire
4%
Papal States
4%
Republic of New Granada
4%
Republic of Venice
4%
Safavid Empire
4%
Second French Empire
4%
Tannu Tuva
4%
Polish Lithuanian Commonwealth
0%
No matching quizzes found
Score Distribution
Percent of People with Each Score
Percentile by Number Answered
Your Score History
You have not taken this quiz